Normal view
MARC view
Entry Personal Name
001 - CONTROL NUMBER
- control field: 12259
003 - CONTROL NUMBER IDENTIFIER
- control field: ARRUPE
005 - DATE AND TIME OF LATEST TRANSACTION
- control field: 20141027123209.0
008 - FIXED-LENGTH DATA ELEMENTS
- fixed length control field: 141027|| aca||aabn | a|a d
040 ## - CATALOGING SOURCE
- Original cataloging agency: ARRUPE
- Transcribing agency: ARRUPE
100 ## - HEADING--PERSONAL NAME
- Personal name: Zurbuchen, Simone.
670 ## - SOURCE DATA FOUND
- Source citation: Work cat.: (ARRUPE)0: Pufendorf, Samuel, Freiherr von, 1632-1694. 12142, Of the nature and qualification of religion in reference to civil society /, c2002.